[Event "AUTO-OPEN-2439"]
[Site "http://www.queenalice.com/game.php?id=970899"]
[Date "2011.8.10"]
[Round "1"]
[White "leduar"]
[Black "carlospianist"]
[Result "1-0"]
[WhiteElo "1971"]
[BlackElo "2133"]

1. e4 c5 2. Nf3 Nc6 3. d4 cxd4 4. Nxd4 Nf6 5. Nc3 d6 6. Nxc6 bxc6 7. b4 a5 8. b5
cxb5 9. Bxb5+ Bd7 10. a4 Bxb5 11. axb5 g6 12. O-O Bg7 13. Ra3 Nd7 14. Be3 Bxc3
15. Rxc3 Rc8 16. Bd4 O-O 17. Rc6 Rxc6 18. bxc6 Ne5 19. Bxe5 dxe5 20. Qd7 Qxd7
21. cxd7 Rd8 22. Rd1 a4 23. c4 Kf8 24. c5 a3 25. c6 a2 26. c7 Rxd7 27. c8=Q+ Kg7
28. Qxd7 e6 29. Ra1 Kf6 30. Rxa2 h5 31. h4 1-0

[Event "AUTO-OPEN-2161"]
[Site "http://www.queenalice.com/game.php?id=974132"]
[Date "2011.8.18"]
[Round "3"]
[White "clovis"]
[Black "carlospianist"]
[Result "0-1"]
[WhiteElo "1987"]
[BlackElo "2133"]

1. e4 e6 2. d4 d5 3. Bd3 dxe4 4. Bxe4 Nf6 5. Nc3 Bb4 6. Bd3 Nc6 7. Nf3 O-O 8.
O-O Bxc3 9. bxc3 h6 10. Bf4 b6 11. Qd2 Bb7 12. Bxh6 Qd5 13. Qg5 Qxg5 14. Bxg5
Ne7 15. Bxf6 gxf6 16. c4 Bxf3 17. gxf3 Rad8 18. Rad1 f5 19. Rfe1 Rxd4 20. a4
Rfd8 21. a5 bxa5 22. Ra1 Nc6 23. Reb1 Kh7 24. Rb7 R8d7 25. c5 R4d5 26. Bb5 Rxc5
27. c4 a6 28. Bxc6 Rxc6 29. Rxa5 Rd1+ 30. Kg2 e5 31. Rxe5 Rg6+ 32. Kh3 Rdg1 0-1

[Event "AUTO-OPEN-2161"]
[Site "http://www.queenalice.com/game.php?id=974133"]
[Date "2011.8.18"]
[Round "3"]
[White "carlospianist"]
[Black "clovis"]
[Result "1-0"]
[WhiteElo "2141"]
[BlackElo "1990"]

1. d4 d5 2. c4 c6 3. Nc3 e6 4. e4 dxe4 5. Nxe4 Nf6 6. Bg5 Be7 7. Nxf6+ Bxf6 8.
Bxf6 Qxf6 9. Qd2 O-O 10. Nf3 Nd7 11. Qg5 Re8 12. Qxf6 Nxf6 13. Ne5 Nd7 14. Bd3
Nxe5 15. dxe5 c5 16. Rd1 Bd7 17. Bxh7+ Kxh7 18. Rxd7 Kg6 19. h4 Red8 20. h5+ Kh6
21. Rxf7 Rd4 22. Re7 Re4+ 23. Kd2 Rd8+ 24. Kc3 Rxe5 25. Rxb7 Re2 26. Rxa7 Rdd2
27. Rb1 Rxf2 28. Rc7 Rc2+ 29. Kb3 Rxg2 30. Rxc5 Rge2 31. a4 e5 32. a5 Kxh5 33.
a6 Rcd2 34. Rd5 Rxd5 35. cxd5 Rf2 36. a7 Rf8 37. Ra1 Ra8 38. d6 e4 39. d7 e3 40.
Re1 1-0

[Event "AUTO-OPEN-2161"]
[Site "http://www.queenalice.com/game.php?id=974138"]
[Date "2011.8.18"]
[Round "3"]
[White "carlospianist"]
[Black "mobe"]
[Result "0-1"]
[WhiteElo "2057"]
[BlackElo "2133"]

1. d4 f5 2. g3 Nf6 3. Bg2 g6 4. Nf3 Bg7 5. c3 O-O 6. Bf4 d5 7. Qd3 a5 8. O-O b6
9. c4 Kh8 10. Nc3 Ba6 11. Ng5 Bxc4 12. Qe3 Ng4 13. Qd2 Qd7 14. b3 Ba6 15. Ne6
Qxe6 16. Bxd5 Qd7 17. Bxa8 Bxd4 18. Bf3 e5 19. Rad1 Qd6 20. Bg5 Nc6 21. Ne4 fxe4
22. Bxg4 h5 23. Bh3 Qc5 24. Be3 Rf6 0-1

[Event "AUTO-OPEN-2161"]
[Site "http://www.queenalice.com/game.php?id=974139"]
[Date "2011.8.18"]
[Round "3"]
[White "mobe"]
[Black "carlospianist"]
[Result "0-1"]
[WhiteElo "2099"]
[BlackElo "2116"]

1. e4 e6 2. Qe2 c5 3. g3 Nc6 4. Nf3 Nf6 5. Bg2 d5 6. exd5 Nxd5 7. O-O Be7 8. Rd1
Ndb4 9. d3 O-O 10. c3 Nd5 11. d4 cxd4 12. Nxd4 Nxd4 13. Rxd4 Qc7 14. Bxd5 exd5
15. Rxd5 Be6 16. Rh5 Rfd8 17. Qc2 g6 18. Rh6 Qe5 19. Be3 Bg5 20. Bxg5 Qxg5 21.
Rh4 Bf5 22. f4 Qe7 23. Qc1 Qe2 24. Qf1 Rd1 0-1

[Event "AUTO-ADV-1988"]
[Site "http://www.queenalice.com/game.php?id=984530"]
[Date "2011.9.12"]
[Round "3"]
[White "carlospianist"]
[Black "mouderjr"]
[Result "1-0"]
[WhiteElo "2148"]
[BlackElo "1898"]

1. e4 c5 2. Nf3 Nc6 3. d4 cxd4 4. Nxd4 g6 5. Be3 Bg7 6. Nc3 Nf6 7. Nxc6 bxc6 8.
e5 Ng8 9. Bd4 e6 10. Ne4 Qa5+ 11. Bc3 Qc7 12. Nd6+ Kf8 13. Bb4 Ne7 14. Qf3 1-0

[Event "AUTO-ADV-1988"]
[Site "http://www.queenalice.com/game.php?id=984531"]
[Date "2011.9.12"]
[Round "3"]
[White "mouderjr"]
[Black "carlospianist"]
[Result "0-1"]
[WhiteElo "1918"]
[BlackElo "2158"]

1. d4 d5 2. c4 dxc4 3. e4 e5 4. d5 b5 5. a4 Nf6 6. Bg5 c6 7. axb5 cxb5 8. Nc3
Bb4 9. Qc2 O-O 10. Nf3 Qd6 11. Bd2 Bd7 12. Be2 Bc5 13. h3 Na6 14. O-O Nb4 15.
Qc1 Rfd8 16. Bg5 a5 17. Rd1 a4 18. Nh2 h6 19. Bh4 Nd3 20. Bxd3 cxd3 21. Rxd3 g5
22. Bxg5 hxg5 23. Qxg5+ Kf8 24. Rf3 Ra6 25. Ng4 Bxg4 26. hxg4 b4 27. Nxa4 Nxe4
28. Qh4 Kg7 29. b3 Qxd5 30. g5 Rh8 31. Qg4 Bxf2+ 32. Rxf2 Rh1+ 0-1

[Event "AUTO-ADV-1988"]
[Site "http://www.queenalice.com/game.php?id=984532"]
[Date "2011.9.12"]
[Round "3"]
[White "carlospianist"]
[Black "RandyShane"]
[Result "0-1"]
[WhiteElo "2040"]
[BlackElo "2013"]

1. e4 d6 2. d4 Nf6 3. Nc3 g6 4. Nf3 Bg7 5. Be2 O-O 6. O-O c6 7. Re1 Nbd7 8. Qd3
b5 9. a3 a5 10. Bd2 Ba6 11. Qe3 e5 12. d5 b4 13. axb4 Bxe2 14. Nxe2 cxd5 15.
bxa5 d4 0-1

[Event "AUTO-ADV-1988"]
[Site "http://www.queenalice.com/game.php?id=984533"]
[Date "2011.9.12"]
[Round "3"]
[White "RandyShane"]
[Black "carlospianist"]
[Result "1-0"]
[WhiteElo "2056"]
[BlackElo "1988"]

1. e4 e6 2. d4 d5 3. exd5 exd5 4. Bd3 Bd6 5. Nf3 Ne7 6. O-O O-O 7. Be3 Nbc6 8.
c3 Bf5 9. Ng5 Qd7 10. Bxf5 Nxf5 11. Nd2 Rae8 12. Qc2 h6 13. Nh3 Nxe3 14. fxe3
Rxe3 15. Nf3 Rfe8 16. Rae1 1-0

[Event "AUTO-MASTER-1500"]
[Site "http://www.queenalice.com/game.php?id=987815"]
[Date "2011.9.20"]
[Round "1"]
[White "MarTraM"]
[Black "carlospianist"]
[Result "1-0"]
[WhiteElo "2275"]
[BlackElo "2095"]

1. d4 d5 2. c4 dxc4 3. Nc3 e5 4. e3 exd4 5. exd4 Nc6 6. Nf3 Qe7+ 7. Qe2 Bg4 8.
Be3 Nb4 9. Qd2 Bxf3 10. gxf3 O-O-O 11. O-O-O Nf6 12. Bxc4 Nfd5 13. Rhg1 h6 14.
Bf4 Qd7 15. a3 Nb6 16. Bb3 Nc6 17. d5 Na5 18. Ba2 Nac4 19. Qd3 Nd6 20. Ne4 Ne8
21. Qc3 Kb8 22. Bg3 f5 23. Nc5 Bxc5 24. Qxc5 1-0

[Event "AUTO-MASTER-1500"]
[Site "http://www.queenalice.com/game.php?id=987816"]
[Date "2011.9.20"]
[Round "1"]
[White "carlospianist"]
[Black "MarTraM"]
[Result "0-1"]
[WhiteElo "2103"]
[BlackElo "2268"]

1. d4 Nf6 2. c4 e6 3. Nc3 Bb4 4. Nf3 c5 5. e3 O-O 6. Be2 cxd4 7. exd4 d5 8. a3
Bxc3+ 9. bxc3 Qc7 10. Qd3 b6 11. Ne5 Nbd7 12. Bf4 dxc4 13. Qg3 Ne4 14. Qe3 Bb7
15. Ng6 e5 16. Nxe5 Nxe5 17. Bxe5 Qc6 18. f3 Nd6 19. Qd2 Nf5 20. O-O f6 21. Bf4
g5 22. Qc2 Qe6 23. Bc1 Rfe8 24. Ra2 Kg7 0-1

[Event "AUTO-MASTER-1500"]
[Site "http://www.queenalice.com/game.php?id=987833"]
[Date "2011.9.20"]
[Round "1"]
[White "carlospianist"]
[Black "Blutigeroo"]
[Result "0-1"]
[WhiteElo "1944"]
[BlackElo "1925"]

1. e4 e5 2. Nf3 d6 3. d4 exd4 4. Nxd4 a6 5. Nc3 Nf6 6. Bd3 Be7 7. O-O O-O 8. Qf3
Bg4 9. Qg3 c5 10. Nb3 Nc6 11. f4 Bh5 12. a4 h6 13. a5 Bg6 14. f5 Nh5 15. Qh3
Bxf5 16. Rxf5 Nf6 17. Qg3 Kh8 18. Qh3 Ng8 19. Nd5 Rc8 20. Be3 Ne5 21. Nxc5 Rb8
22. Nb3 f6 23. Ba7 Ra8 24. Be3 Nd7 25. Nd4 Qc8 0-1

[Event "AUTO-MASTER-1500"]
[Site "http://www.queenalice.com/game.php?id=987834"]
[Date "2011.9.20"]
[Round "1"]
[White "Blutigeroo"]
[Black "carlospianist"]
[Result "1-0"]
[WhiteElo "1942"]
[BlackElo "1927"]

1. c4 e5 2. Nc3 Nc6 3. g3 Nf6 4. Bg2 Nd4 5. e3 Nc6 6. Nge2 h5 7. d3 h4 8. h3
hxg3 9. fxg3 Ne7 10. O-O d5 11. cxd5 Bxh3 12. e4 Bxg2 13. Kxg2 Qd7 14. Ng1 c6
15. Bg5 Ng4 16. Qc1 Rh3 17. Nxh3 f6 18. Be3 cxd5 19. Nf2 Nxe3+ 20. Qxe3 d4 21.
Qd2 dxc3 22. bxc3 Nc6 23. Rh1 Rc8 24. Rh8 Nd8 25. Rah1 Qc6 26. Nd1 1-0

[Event "AUTO-MASTER-1500"]
[Site "http://www.queenalice.com/game.php?id=987835"]
[Date "2011.9.20"]
[Round "1"]
[White "carlospianist"]
[Black "pista2010"]
[Result "0-1"]
[WhiteElo "2071"]
[BlackElo "2118"]

1. d4 Nf6 2. c4 e6 3. Nc3 Bb4 4. Nf3 O-O 5. Bg5 h6 6. Bh4 d5 7. cxd5 exd5 8. Qb3
Nc6 9. e3 Be6 10. a3 Bxc3+ 11. Qxc3 g5 12. Bg3 Ne4 13. Qc2 Bf5 14. Qb3 Na5 15.
Qd1 Nc6 16. Bd3 Bg6 17. Rc1 Re8 18. Bb5 Re6 19. Bxc6 bxc6 20. Ne5 c5 21. Nxg6
Rxg6 0-1

[Event "AUTO-MASTER-1500"]
[Site "http://www.queenalice.com/game.php?id=987836"]
[Date "2011.9.20"]
[Round "1"]
[White "pista2010"]
[Black "carlospianist"]
[Result "1-0"]
[WhiteElo "2107"]
[BlackElo "2086"]

1. e4 e6 2. d4 d5 3. Nd2 c5 4. c3 cxd4 5. cxd4 dxe4 6. Nxe4 Bb4+ 7. Nc3 Nf6 8.
Nf3 O-O 9. Bd3 b6 10. O-O Bb7 11. Bc2 Nbd7 12. Qd3 Rc8 13. Bg5 Bxc3 14. bxc3 Qc7
15. Bd2 Be4 16. Qxe4 Nxe4 17. Bxe4 Nf6 18. Bd3 Rfd8 19. h3 Nd5 20. Ng5 Nxc3 21.
Rac1 1-0

[Event "AUTO-MASTER-1511"]
[Site "http://www.queenalice.com/game.php?id=994090"]
[Date "2011.10.6"]
[Round "1"]
[White "carlospianist"]
[Black "Bruscato"]
[Result "0-1"]
[WhiteElo "2006"]
[BlackElo "2007"]

1. d4 Nf6 2. c4 c5 3. e3 cxd4 4. exd4 d5 5. Nc3 dxc4 6. Bxc4 e6 7. Nf3 Be7 8.
O-O O-O 9. Ne5 Nbd7 10. Bb3 Nxe5 11. dxe5 Nd7 0-1

[Event "AUTO-MASTER-1511"]
[Site "http://www.queenalice.com/game.php?id=994091"]
[Date "2011.10.6"]
[Round "1"]
[White "Bruscato"]
[Black "carlospianist"]
[Result "1-0"]
[WhiteElo "1990"]
[BlackElo "2023"]

1. e4 e6 2. d4 d5 3. Nc3 Bb4 4. e5 c5 5. a3 Bxc3+ 6. bxc3 Ne7 7. Qg4 O-O 8. Nf3
Nbc6 9. h4 f6 10. dxc5 Qa5 11. Bd2 fxe5 12. h5 1-0